[Event "Sachsen-Anhalt Landesliga A 18/19"]
[Site "Sachsen Anhalt"]
[Date "2019.02.24"]
[Round "7.3"]
[White "Hamm, Georg"]
[Black "Grochulla, Alexander"]
[Result "1-0"]
[WhiteElo "2098"]
[BlackElo "1701"]
[PlyCount "71"]
[EventDate "2018.09.23"]
[EventType "team-tourn"]
[EventRounds "9"]
[EventCountry "GER"]
[SourceTitle "EXT 2022"]
[Source "ChessBase"]
[SourceDate "2021.10.06"]
[SourceVersion "1"]
[SourceVersionDate "2021.10.06"]
[SourceQuality "1"]
[WhiteTeam "Calbe TSG"]
[BlackTeam "Gardelegen"]
[WhiteTeamCountry "GER"]
[BlackTeamCountry "GER"]

1. d4 f5 2. c4 Nf6 3. g3 e6 4. Bg2 Bb4+ 5. Bd2 Bxd2+ 6. Nxd2 0-0 7. Nh3 c6 8. 0-0 d5 9. e3 Bd7 10. Nf4 Qe7 11. Qb3 b6 12. Nd3 Re8 13. Rac1 Ne4 14. Nxe4 fxe4 15. Ne5 Kh8 16. f3 exf3 17. Rxf3 Rf8 18. Rxf8+ Qxf8 19. Rf1 Qe8 20. Qa3 Kg8 21. Qd6 h6 22. Bh3 dxc4 23. Nxd7 Nxd7 24. Bxe6+ Kh7 25. Qxd7 Qh5 26. Qxc6 Rd8 27. Qe4+ Kh8 28. d5 Qe2 29. Rf2 Qe1+ 30. Kg2 c3 31. bxc3 Qxc3 32. d6 Qc5 33. d7 Qe7 34. Rf7 Qd6 35. Bg4 Qd2+ 36. Rf2 1-0

[Event "EU-chT Seniors"]
[Site "Vienna"]
[Date "2015.07.19"]
[Round "8.14"]
[White "Hamm, Georg"]
[Black "Westerinen, Heikki MJ"]
[Result "1/2-1/2"]
[WhiteElo "2131"]
[BlackElo "2313"]
[PlyCount "27"]
[EventDate "2015.07.12"]
[EventType "team-swiss"]
[EventRounds "9"]
[EventCountry "AUT"]
[SourceTitle "EXT 2018"]
[Source "ChessBase"]
[SourceDate "2017.10.13"]
[SourceVersion "1"]
[SourceVersionDate "2017.10.13"]
[SourceQuality "1"]
[WhiteTeam "Sachsen Anhalt"]
[BlackTeam "Finland"]
[WhiteTeamCountry "GER"]
[BlackTeamCountry "FIN"]

1. Nf3 Nf6 2. g3 g6 3. Bg2 Bg7 4. 0-0 0-0 5. d3 d6 6. e4 Nc6 7. c3 e5 8. Re1 Re8 9. b4 a6 10. Qc2 d5 11. a3 h6 12. Bb2 Be6 13. Nbd2 dxe4 14. dxe4 1/2-1/2

[Event "EU-chT Seniors"]
[Site "Vienna"]
[Date "2015.07.12"]
[Round "1.7"]
[White "Hamm, Georg"]
[Black "Danner, Georg"]
[Result "0-1"]
[WhiteElo "2131"]
[BlackElo "2389"]
[PlyCount "72"]
[EventDate "2015.07.12"]
[EventType "team-swiss"]
[EventRounds "9"]
[EventCountry "AUT"]
[SourceTitle "EXT 2018"]
[Source "ChessBase"]
[SourceDate "2017.10.13"]
[SourceVersion "1"]
[SourceVersionDate "2017.10.13"]
[SourceQuality "1"]
[WhiteTeam "Sachsen Anhalt"]
[BlackTeam "Austria"]
[WhiteTeamCountry "GER"]
[BlackTeamCountry "AUT"]

1. Nf3 c5 2. g3 g6 3. Bg2 Bg7 4. 0-0 Nc6 5. d3 d6 6. e4 Qd7 7. c3 b6 8. Re1 e6 9. d4 Nge7 10. Bf4 cxd4 11. cxd4 d5 12. e5 Ba6 13. Qd2 h6 14. h4 Rc8 15. Rc1 Nf5 16. Na3 Bf8 17. Nc2 Be7 18. Bf1 Bxf1 19. Kxf1 Kf8 20. g4 Nxh4 21. Nxh4 g5 22. Be3 gxh4 23. Bxh6+ Ke8 24. Bg5 h3 25. Ke2 Qb7 26. Kf3 Qa6 27. Bxe7 Nxe7 28. Na3 Rxc1 29. Rxc1 Kd7 30. Rh1 Nc6 31. Kg3 Qa4 32. Qf4 Qxd4 33. Qxf7+ Ne7 34. Qf6 Rg8 35. f3 Rg6 36. Qf4 Nf5+ 0-1

[Event "GER-chT Seniors 23rd"]
[Site "Bergen"]
[Date "2014.09.04"]
[Round "5.3"]
[White "Hamm, Georg"]
[Black "Schneider, Alexander"]
[Result "1-0"]
[WhiteElo "2139"]
[BlackElo "2061"]
[PlyCount "105"]
[EventDate "2014.09.01"]
[EventType "team-swiss"]
[EventRounds "7"]
[EventCountry "GER"]
[SourceTitle "EXT 2018"]
[Source "ChessBase"]
[SourceDate "2017.10.13"]
[SourceVersion "1"]
[SourceVersionDate "2017.10.13"]
[SourceQuality "1"]

1. e4 c6 2. d3 d5 3. Nd2 g6 4. Ngf3 Qc7 5. g3 Bg4 6. Bg2 e6 7. h3 Bxf3 8. Nxf3 Nd7 9. Qe2 dxe4 10. dxe4 0-0-0 11. 0-0 f6 12. Nd4 Re8 13. Be3 e5 14. Nb3 Kb8 15. a4 Bh6 16. Rfd1 Bxe3 17. Qxe3 Rd8 18. Rd3 Ne7 19. Rad1 Nb6 20. Nc5 Rxd3 21. Qxd3 a5 22. h4 Nec8 23. c3 Qe7 24. b4 Kc7 25. Bh3 axb4 26. cxb4 Kb8 27. a5 Na8 28. Qd7 Nc7 29. Qxe7 Nxe7 30. Nd7+ Ka7 31. Nxf6 Na6 32. Rb1 Nc7 33. Nd7 Rd8 34. Nxe5 Rd4 35. f3 Rd2 36. Bf1 Nc8 37. b5 cxb5 38. Bxb5 Nd6 39. Bf1 Ra2 40. Nc4 Nxc4 41. Bxc4 Rxa5 42. Kf2 g5 43. hxg5 Rxg5 44. f4 Rh5 45. Kf3 b5 46. Kg4 Rc5 47. Bg8 h6 48. e5 Kb6 49. Rd1 b4 50. Rd6+ Kb5 51. Rxh6 Nd5 52. Bxd5 Rxd5 53. e6 1-0

[Event "GER-chT Seniors 23rd"]
[Site "Bergen"]
[Date "2014.09.03"]
[Round "3.3"]
[White "Hamm, Georg"]
[Black "Nuenchert, Eveline"]
[Result "1/2-1/2"]
[WhiteElo "2139"]
[BlackElo "2090"]
[PlyCount "53"]
[EventDate "2014.09.01"]
[EventType "team-swiss"]
[EventRounds "7"]
[EventCountry "GER"]
[SourceTitle "EXT 2018"]
[Source "ChessBase"]
[SourceDate "2017.10.13"]
[SourceVersion "1"]
[SourceVersionDate "2017.10.13"]
[SourceQuality "1"]

1. g3 d5 2. Nf3 Nf6 3. Bg2 c6 4. d3 Bf5 5. Nbd2 e6 6. 0-0 Be7 7. Qe1 h6 8. b3 0-0 9. Bb2 Nbd7 10. e4 dxe4 11. dxe4 Bh7 12. Qe2 Qc7 13. Ne1 a5 14. a4 Nc5 15. Kh1 Rfd8 16. f4 Rd7 17. Be5 Qd8 18. Rf2 Bf8 19. Rc1 Rxd2 20. Qxd2 Nfxe4 21. Qe2 Nxf2+ 22. Qxf2 Ne4 23. Qe2 Nc5 24. Rd1 Qb6 25. Bc3 Rd8 26. Rxd8 Qxd8 27. Qd2 1/2-1/2

[Event "EU-chT Seniors 15th"]
[Site "Dresden"]
[Date "2013.07.24"]
[Round "5"]
[White "Hamm, Georg"]
[Black "Malmdin, Nils Ake"]
[Result "0-1"]
[WhiteElo "2109"]
[BlackElo "2242"]
[PlyCount "72"]
[EventDate "2013.07.20"]
[EventType "team-swiss"]
[EventRounds "9"]
[EventCountry "GER"]
[SourceTitle "CBM 155 Extra"]
[Source "ChessBase"]
[SourceDate "2013.08.26"]
[SourceVersion "1"]
[SourceVersionDate "2013.08.26"]
[SourceQuality "1"]
[WhiteTeam "Sachsen Anhalt"]
[BlackTeam "Sweden"]
[WhiteTeamCountry "GER"]
[BlackTeamCountry "SWE"]

1. Nf3 c5 2. g3 b6 3. Bg2 Bb7 4. d3 g6 5. e4 Bg7 6. 0-0 d6 7. Nc3 Nc6 8. Bf4 a6 9. Re1 e5 10. Bg5 f6 11. Bd2 Nh6 12. Nd5 Nf7 13. c3 0-0 14. Rc1 Rb8 15. b4 Ne7 16. c4 Nxd5 17. cxd5 f5 18. Bh3 Bc8 19. Nh4 f4 20. Bxc8 Rxc8 21. bxc5 dxc5 22. Qg4 Nh6 23. Qe6+ Kh8 24. Bc3 Rf6 25. Qxe5 Nf7 26. Qxf6 Bxf6 27. e5 Bg7 28. e6 Bxc3 29. Rxc3 Nd6 30. Nf3 Qf6 31. d4 cxd4 32. Rc6 Rxc6 33. dxc6 fxg3 34. e7 Qxf3 35. e8Q+ Nxe8 36. Rxe8+ Kg7 0-1

[Event "GER-chT Seniors 21st"]
[Site "Berlin"]
[Date "2012.09.11"]
[Round "2.73"]
[White "Hamm, Georg"]
[Black "Dornieden, Manfred"]
[Result "0-1"]
[WhiteElo "2011"]
[BlackElo "2100"]
[PlyCount "148"]
[EventDate "2012.09.10"]
[EventType "team-swiss"]
[EventRounds "7"]
[EventCountry "GER"]
[SourceTitle "CBM 150 Extra"]
[Source "ChessBase"]
[SourceDate "2012.10.19"]
[SourceVersion "1"]
[SourceVersionDate "2012.10.19"]
[SourceQuality "1"]
[WhiteTeam "Sachsen Anhalt Seniors"]
[BlackTeam "Niedersachsen Seniors"]
[WhiteTeamCountry "GER"]
[BlackTeamCountry "GER"]

1. c4 e5 2. g3 Nf6 3. Nc3 Bc5 4. Bg2 0-0 5. d3 Nc6 6. Nf3 d6 7. 0-0 h6 8. a3 Be6 9. b4 Bb6 10. Na4 Qc8 11. Nxb6 axb6 12. Bb2 Bh3 13. Qc2 Bxg2 14. Kxg2 Qe6 15. e4 Ne7 16. Rfe1 c5 17. Reb1 Nc6 18. Bc3 Nd4 19. Bxd4 cxd4 20. Qd2 Ra4 21. Ne1 b5 22. cxb5 Qd7 23. Qc2 Qxb5 24. Qc7 Rfa8 25. Rc1 Qa6 26. Qe7 Re8 27. Qc7 Rxa3 28. Rab1 d5 29. b5 Qa8 30. f3 dxe4 31. fxe4 Ra2+ 32. Kg1 Re2 33. Ra1 Ra2 34. Rab1 Ng4 35. Qd7 Nxh2 36. Rc7 Rf8 37. Rbc1 Qd8 38. Qxd8 Rxd8 39. Rxb7 Re2 40. b6 Rxe1+ 41. Rxe1 Nf3+ 42. Kf2 Nxe1 43. Kxe1 Rd6 44. Rb8+ Kh7 45. Rf8 Rxb6 46. Rxf7 Rb1+ 47. Kf2 Rb2+ 48. Kf3 Rd2 49. Re7 Rxd3+ 50. Kg4 h5+ 51. Kh4 Kh6 52. Rxe5 g6 53. Rd5 Rd1 54. Kh3 Kg7 55. g4 hxg4+ 56. Kxg4 Kf6 57. Kf4 g5+ 58. Kg4 d3 59. Kf3 d2 60. Ke2 Re1+ 61. Kxd2 Rxe4 62. Kd3 Re6 63. Kd2 g4 64. Rd8 Kg5 65. Rg8+ Kf4 66. Rf8+ Kg3 67. Rg8 Kf3 68. Rf8+ Kg2 69. Rg8 g3 70. Rg7 Kf2 71. Rf7+ Kg1 72. Rg7 g2 73. Rg8 Rh6 74. Ke2 Kh2 0-1

[Event "GER-ch Seniors 22nd"]
[Site "Berlin"]
[Date "2010.08.21"]
[Round "6"]
[White "Didzuhn, Werner"]
[Black "Hamm, Georg"]
[Result "0-1"]
[WhiteElo "1788"]
[BlackElo "2006"]
[PlyCount "65"]
[EventDate "2010.08.16"]
[EventType "swiss"]
[EventRounds "9"]
[EventCountry "GER"]
[SourceTitle "CBM 138 Extra"]
[Source "ChessBase"]
[SourceDate "2010.10.29"]
[SourceVersion "1"]
[SourceVersionDate "2010.10.29"]
[SourceQuality "1"]

1. e4 d6 2. d4 g6 3. Nc3 Bg7 4. Be3 Nd7 5. Nf3 c6 6. a4 Ngf6 7. h3 e5 8. Bc4 0-0 9. 0-0 Qe7 10. Re1 b6 11. Bf1 Bb7 12. d5 Nc5 13. Bg5 h6 14. Bh4 g5 15. Bg3 cxd5 16. exd5 Qd7 17. b4 Na6 18. Rb1 Rac8 19. Bb5 Qc7 20. Re3 Nh5 21. Qe2 Nb8 22. Nxg5 Nxg3 23. Rxg3 hxg5 24. Qh5 f5 25. Rxg5 Qf7 26. Qxf7+ Rxf7 27. Rb3 Kf8 28. Be2 e4 29. Nb5 Rxc2 30. Bh5 Rc1+ 31. Kh2 Be5+ 32. g3 Rf6 33. Nc7 0-1

[Event "GER-ch Seniors 22nd"]
[Site "Berlin"]
[Date "2010.08.18"]
[Round "3"]
[White "Hamm, Georg"]
[Black "Perk, Egbert"]
[Result "1/2-1/2"]
[WhiteElo "2006"]
[BlackElo "1759"]
[PlyCount "72"]
[EventDate "2010.08.16"]
[EventType "swiss"]
[EventRounds "9"]
[EventCountry "GER"]
[SourceTitle "CBM 138 Extra"]
[Source "ChessBase"]
[SourceDate "2010.10.29"]
[SourceVersion "1"]
[SourceVersionDate "2010.10.29"]
[SourceQuality "1"]

1. d4 Nf6 2. Nf3 d6 3. c4 Nbd7 4. Nc3 c6 5. e4 e5 6. Be2 Be7 7. 0-0 0-0 8. h3 Re8 9. Qc2 Qc7 10. Be3 Nf8 11. Rfe1 Ng6 12. Bf1 Nh5 13. g3 Bd7 14. Kh2 Rf8 15. dxe5 dxe5 16. c5 Be6 17. Ng5 Bxg5 18. Bxg5 h6 19. Be3 Rad8 20. Rad1 b5 21. cxb6 axb6 22. Nd5 Bxd5 23. exd5 c5 24. b4 Nf6 25. Qc4 Ne7 26. Bg2 Nf5 27. bxc5 Nxe3 28. Rxe3 bxc5 29. Rc3 Nd7 30. d6 Qa5 31. Bc6 Nb8 32. Bb5 Nd7 33. Bxd7 Rxd7 34. Qxc5 Qxa2 35. Kg2 Qe6 36. Re3 f6 1/2-1/2

[Event "EU-chT Seniors 12th"]
[Site "Dresden"]
[Date "2010.02.18"]
[Round "9"]
[White "Hamm, Georg"]
[Black "Gunnarsson, Magnus"]
[Result "0-1"]
[WhiteElo "2124"]
[BlackElo "2107"]
[PlyCount "100"]
[EventDate "2010.02.10"]
[EventType "team-swiss"]
[EventRounds "9"]
[EventCountry "GER"]
[SourceTitle "CBM 134 Extra"]
[Source "ChessBase"]
[SourceDate "2010.03.03"]
[SourceVersion "1"]
[SourceVersionDate "2010.03.03"]
[SourceQuality "1"]
[WhiteTeam "Sachsen Anhalt Seniors"]
[BlackTeam "Reykjavik KR (Seniors)"]
[WhiteTeamCountry "GER"]
[BlackTeamCountry "ISL"]

1. d4 Nf6 2. g3 g6 3. Bg2 Bg7 4. e4 d6 5. Ne2 0-0 6. 0-0 Nbd7 7. h3 c6 8. c4 e5 9. Be3 exd4 10. Nxd4 Re8 11. Qc2 Qa5 12. Nd2 Nf8 13. g4 Bd7 14. N2b3 Qd8 15. Bf4 c5 16. Nb5 Ne6 17. Bg3 Bxb5 18. cxb5 Qb6 19. Rfd1 Qxb5 20. Rxd6 Red8 21. Bf1 Qb4 22. Bc4 Ne8 23. a3 Qa4 24. Rxd8 Rxd8 25. e5 b6 26. Re1 Qd7 27. Bh4 Rc8 28. Rd1 Qc7 29. Bxe6 fxe6 30. f4 a5 31. Qc4 Qc6 32. Qe2 Qa4 33. Qf3 h6 34. Nd2 Qd4+ 35. Bf2 Qxb2 36. Nc4 Qb5 37. Nd6 Nxd6 38. exd6 Qd7 39. Qe4 Kf7 40. f5 gxf5 41. gxf5 Re8 42. fxe6+ Rxe6 43. Qd5 Kg8 44. Qg5 Kh7 45. Bg3 Bd4+ 46. Kh2 Qe8 47. Qf5+ Kg7 48. Qd5 Re2+ 49. Kh1 Qd7 50. Qh5 Qc6+ 0-1

[Event "EU-chT Seniors 12th"]
[Site "Dresden"]
[Date "2010.02.13"]
[Round "4"]
[White "Stepak, Yedael"]
[Black "Hamm, Georg"]
[Result "1-0"]
[WhiteElo "2238"]
[BlackElo "2124"]
[PlyCount "57"]
[EventDate "2010.02.10"]
[EventType "team-swiss"]
[EventRounds "9"]
[EventCountry "GER"]
[SourceTitle "CBM 134 Extra"]
[Source "ChessBase"]
[SourceDate "2010.03.03"]
[SourceVersion "1"]
[SourceVersionDate "2010.03.03"]
[SourceQuality "1"]
[WhiteTeam "Israel (Seniors)"]
[BlackTeam "Sachsen Anhalt Seniors"]
[WhiteTeamCountry "ISR"]
[BlackTeamCountry "GER"]

1. d4 d6 2. c4 Nf6 3. Nc3 c6 4. e4 e5 5. Nf3 Bg4 6. Be2 Nbd7 7. 0-0 Be7 8. Be3 0-0 9. Qc2 Re8 10. Rfd1 Qc7 11. Rac1 Bf8 12. d5 c5 13. h3 Bxf3 14. Bxf3 Be7 15. a3 Nb8 16. b4 Nbd7 17. Nb5 Qc8 18. bxc5 Nxc5 19. Bg4 Nfd7 20. Bxc5 dxc5 21. d6 Bg5 22. Rb1 Rd8 23. Nc7 h5 24. Bxd7 Rxd7 25. Nxa8 Qxa8 26. Qa4 Qd8 27. Qxa7 Rxd6 28. Rd5 Bh4 29. Qxc5 1-0

[Event "EU-chT Seniors 12th"]
[Site "Dresden"]
[Date "2010.02.11"]
[Round "2"]
[White "Flotten, Erling"]
[Black "Hamm, Georg"]
[Result "0-1"]
[WhiteElo "1794"]
[BlackElo "2124"]
[PlyCount "47"]
[EventDate "2010.02.10"]
[EventType "team-swiss"]
[EventRounds "9"]
[EventCountry "GER"]
[SourceTitle "CBM 134 Extra"]
[Source "ChessBase"]
[SourceDate "2010.03.03"]
[SourceVersion "1"]
[SourceVersionDate "2010.03.03"]
[SourceQuality "1"]
[WhiteTeam "Arctic Team (Seniors)"]
[BlackTeam "Sachsen Anhalt Seniors"]
[WhiteTeamCountry "NOR"]
[BlackTeamCountry "GER"]

1. e4 d6 2. f4 Nf6 3. Nc3 c6 4. Nf3 Bg4 5. h3 Bxf3 6. Qxf3 e5 7. fxe5 dxe5 8. Bc4 Be7 9. d3 Nbd7 10. 0-0 0-0 11. a3 a5 12. Be3 Bc5 13. Bxc5 Nxc5 14. b4 axb4 15. axb4 Rxa1 16. Rxa1 Qd4+ 17. Qf2 Qxc3 18. Ra7 Qxb4 19. Qf5 Qb6 20. Ra2 Ncxe4+ 21. Kh2 Nd6 22. Qxe5 Nxc4 23. dxc4 Re8 24. Qd6 0-1